Statistics for Countries With 100 Million People...But Not 200 Million

Click here to take the quiz!

General Stats

  • This quiz has been taken 28 times
  • The average score is 8 of 8

Answers on the Map

Answers color-coded by a green-red scale on the quiz's map according to % correct below.
 

Answer Stats

PopulationCountry% Correct
122,926,610Japan
100%
144,168,483Russia
100%
104,108,472Democratic Republic of the Congo
96%
113,685,511Egypt
96%
128,979,157Mexico
96%
118,322,341Philippines
92%
173,931,004Bangladesh
88%
128,296,512Ethiopia
85%

Score Distribution

Percentile by Number Answered

Percent of People with Each Score

Your Score History

You have not taken this quiz